[Event "HUN-chT2 Charousek 1718"]
[Site "Hungary"]
[Date "2018.01.28"]
[Round "5.8"]
[White "Benedeczky, Lehel"]
[Black "Rovid, Kalman"]
[Result "1-0"]
[WhiteElo "2172"]
[BlackElo "2204"]
[PlyCount "151"]
[EventDate "2017.10.29"]
[EventType "team-tourn"]
[EventRounds "9"]
[EventCountry "HUN"]
[SourceTitle "EXT 2021"]
[Source "ChessBase"]
[SourceDate "2020.10.23"]
[SourceVersion "1"]
[SourceVersionDate "2020.10.23"]
[SourceQuality "1"]
[WhiteTeam "Paks ASE II"]
[BlackTeam "Haladas Szombathely II"]
[WhiteTeamCountry "HUN"]
[BlackTeamCountry "HUN"]

1. d4 Nf6 2. c4 c5 3. d5 b5 4. Qc2 b4 5. e4 d6 6. h3 g6 7. Nf3 Bg7 8. Bd3 0-0 9. Bf4 e5 10. dxe6 Bxe6 11. 0-0 Nc6 12. Rd1 Qc7 13. Nbd2 Nd7 14. Nf1 Nde5 15. Nxe5 dxe5 16. Be3 f5 17. Bxc5 Nd4 18. Bxd4 exd4 19. exf5 gxf5 20. Re1 Qf7 21. b3 Rab8 22. Re2 Rb7 23. Rae1 Bc8 24. Nh2 Kh8 25. Qd2 a5 26. Qf4 Rd7 27. Nf3 Qh5 28. Qg5 Qg6 29. Qxg6 hxg6 30. Re6 Bf6 31. Ne5 Rg7 32. Rd6 Kh7 33. Nc6 Rd7 34. Ree6 Kg7 35. c5 Rc7 36. Re2 Rff7 37. Rc2 Rfd7 38. Rxd7+ Bxd7 39. Nxa5 Bc6 40. Nxc6 Rxc6 41. Rc4 Be7 42. Rxb4 Rxc5 43. Rxd4 Rc1+ 44. Bf1 Rc2 45. a4 Bc5 46. Rf4 Rb2 47. Rf3 Ra2 48. g4 fxg4 49. hxg4 Kh6 50. Bc4 Kg5 51. Be6 Re2 52. Bc8 Ra2 53. Kg2 Bb6 54. Rf7 Rb2 55. Be6 Re2 56. Bc4 Rc2 57. Kg3 Rc3+ 58. f3 Bd4 59. a5 Be5+ 60. Kf2 Bf4 61. Ke2 Re3+ 62. Kf2 Rc3 63. a6 Rc2+ 64. Be2 Bd6 65. Rb7 Bc5+ 66. Ke1 Be3 67. b4 Rc1+ 68. Bd1 Ra1 69. b5 Kf4 70. Re7 Bc5 71. Re4+ Kg3 72. Ra4 Rxa4 73. Bxa4 Kxf3 74. Kd2 Ke4 75. Bc2+ Kd4 76. Bxg6 1-0

[Event "HUN-chT2 Szechenyi 1617"]
[Site "Hungary"]
[Date "2017.02.26"]
[Round "9.1"]
[White "Plank, Franz"]
[Black "Rovid, Kalman"]
[Result "1-0"]
[WhiteElo "2236"]
[BlackElo "2218"]
[PlyCount "135"]
[EventDate "2016.09.25"]
[EventType "team-tourn"]
[EventRounds "11"]
[EventCountry "HUN"]
[SourceTitle "EXT 2021"]
[Source "ChessBase"]
[SourceDate "2020.10.23"]
[SourceVersion "1"]
[SourceVersionDate "2020.10.23"]
[SourceQuality "1"]
[WhiteTeam "Lovo"]
[BlackTeam "Haladas Szombathely III"]
[WhiteTeamCountry "HUN"]
[BlackTeamCountry "HUN"]

1. e4 c5 2. d4 cxd4 3. Qxd4 Nc6 4. Qd3 Nf6 5. c4 g6 6. Nc3 Bg7 7. f3 d6 8. Be3 0-0 9. Qd2 a5 10. Nge2 a4 11. Rc1 Qa5 12. Nf4 Be6 13. Be2 Rfc8 14. 0-0 Nd7 15. Nfd5 Bxd5 16. cxd5 Nce5 17. Nb5 Qxd2 18. Bxd2 Nc5 19. Bg5 f6 20. Be3 Ncd3 21. Rxc8+ Rxc8 22. b3 Rc2 23. Bxd3 Nxd3 24. Rd1 axb3 25. axb3 Nc5 26. b4 Na6 27. Nd4 Rb2 28. Ne6 Nxb4 29. Bd4 Rc2 30. Rb1 Rc4 31. Ra1 Na6 32. Rb1 Bh6 33. Rxb7 Rxd4 34. Nxd4 Be3+ 35. Kf1 Bxd4 36. Rxe7 Be5 37. g3 g5 38. Ke2 Nc5 39. Kf2 Bd4+ 40. Ke2 Bg1 41. Kf1 Be3 42. Re8+ Kf7 43. Rd8 f5 44. exf5 Kf6 45. Rxd6+ Kxf5 46. Rh6 Ke5 47. Rxh7 Kxd5 48. Ke2 Bc1 49. Rh5 Kd6 50. h4 gxh4 51. Rxh4 Nd7 52. f4 Ke6 53. Kf3 Nf6 54. Rh1 Ba3 55. g4 Kf7 56. g5 Ne8 57. Kg4 Kg7 58. Re1 Nd6 59. Re7+ Kf8 60. Ra7 Bc5 61. Rc7 Ba3 62. f5 Bb4 63. f6 Ba5 64. Ra7 Bb6 65. Ra6 Bc5 66. g6 Ke8 67. Ra8+ Kd7 68. f7 1-0

[Event "HUN-chT2 Szechenyi 1617"]
[Site "Hungary"]
[Date "2016.10.30"]
[Round "3.2"]
[White "Rovid, Kalman"]
[Black "Gyurkovics, Bence"]
[Result "0-1"]
[WhiteElo "2218"]
[BlackElo "2240"]
[PlyCount "100"]
[EventDate "2016.09.25"]
[EventType "team-tourn"]
[EventRounds "11"]
[EventCountry "HUN"]
[SourceTitle "EXT 2021"]
[Source "ChessBase"]
[SourceDate "2020.10.23"]
[SourceVersion "1"]
[SourceVersionDate "2020.10.23"]
[SourceQuality "1"]
[WhiteTeam "Haladas Szombathely III"]
[BlackTeam "Gyor Szechenyi"]
[WhiteTeamCountry "HUN"]
[BlackTeamCountry "HUN"]

1. e4 e5 2. Nf3 Nc6 3. Bb5 Nf6 4. 0-0 Nxe4 5. Re1 Nd6 6. Nxe5 Be7 7. Bf1 0-0 8. d4 Nf5 9. c3 Nxe5 10. Rxe5 d6 11. Re1 d5 12. Nd2 Nd6 13. Qf3 c6 14. Bd3 g6 15. Nf1 Bf5 16. Bf4 Bxd3 17. Qxd3 Bg5 18. Be5 f6 19. Bg3 Nf5 20. f3 Qd7 21. Bf2 Rae8 22. g4 Nd6 23. Bg3 Rxe1 24. Rxe1 Re8 25. Rxe8+ Nxe8 26. Qe2 Kf7 27. f4 Bh6 28. Ne3 Qe6 29. Qf3 Nd6 30. g5 Bg7 31. gxf6 Bxf6 32. Ng4 Qe4 33. Kg2 Qxf3+ 34. Kxf3 Ke6 35. Be1 h5 36. Ne3 Nf5 37. Nf1 b6 38. Bf2 Kd6 39. Ke2 Ke6 40. Kf3 Be7 41. Nd2 Bd6 42. Nf1 a6 43. Nd2 Ng7 44. Nf1 c5 45. Ng3 c4 46. Nf1 Nf5 47. Be1 b5 48. a3 a5 49. Ne3 Nxe3 50. Kxe3 Kf5 0-1

[Event "HUN-chT 1516"]
[Site "Hungary"]
[Date "2015.11.29"]
[Round "3.11"]
[White "Rovid, Kalman"]
[Black "Korpics, Zsolt"]
[Result "1/2-1/2"]
[WhiteElo "2217"]
[BlackElo "2312"]
[PlyCount "27"]
[EventDate "2015.11.07"]
[EventType "team-tourn"]
[EventRounds "11"]
[EventCountry "HUN"]
[SourceTitle "CBM 169 Extra"]
[Source "ChessBase"]
[SourceDate "2015.12.18"]
[SourceVersion "1"]
[SourceVersionDate "2015.12.18"]
[SourceQuality "1"]
[WhiteTeam "HVSE Infraplan"]
[BlackTeam "Kobanya Aquarena"]
[WhiteTeamCountry "HUN"]
[BlackTeamCountry "HUN"]

1. e4 e5 2. Nf3 Nc6 3. Bb5 a6 4. Bxc6 dxc6 5. 0-0 f6 6. d4 exd4 7. Nxd4 c5 8. Ne2 Qxd1 9. Rxd1 Bd7 10. Be3 0-0-0 11. Nbc3 Bd6 12. Bf4 Bxf4 13. Nxf4 Ne7 14. f3 1/2-1/2

[Event "HUN-chT2 Charousek 1516"]
[Site "Hungary"]
[Date "2015.10.18"]
[Round "1.11"]
[White "Rovid, Kalman"]
[Black "Fur, Katinka"]
[Result "1-0"]
[WhiteElo "2217"]
[BlackElo "1993"]
[PlyCount "105"]
[EventDate "2015.10.18"]
[EventType "team-tourn"]
[EventRounds "9"]
[EventCountry "HUN"]
[SourceTitle "CBM 170 Extra"]
[Source "ChessBase"]
[SourceDate "2016.02.25"]
[SourceVersion "1"]
[SourceVersionDate "2016.02.25"]
[SourceQuality "1"]
[WhiteTeam "Haladas II"]
[BlackTeam "Balatonfuered"]
[WhiteTeamCountry "HUN"]
[BlackTeamCountry "HUN"]

1. e4 e6 2. d4 d5 3. Nd2 Nf6 4. e5 Nfd7 5. c3 c5 6. Bd3 Nc6 7. Ne2 cxd4 8. cxd4 f6 9. exf6 Nxf6 10. Nf3 Bd6 11. Nc3 a6 12. 0-0 Qc7 13. Be3 0-0 14. Rc1 Bd7 15. h3 Rae8 16. Bb1 Bc8 17. a3 Bf4 18. Re1 Bxe3 19. Rxe3 Qb6 20. Na4 Qd8 21. Nc5 Qd6 22. Ne5 Ne7 23. g4 b6 24. Na4 Nd7 25. Qc2 g6 26. Qc7 Qxc7 27. Rxc7 Nxe5 28. dxe5 b5 29. Nc5 Rf4 30. Kg2 d4 31. Re4 Nd5 32. Rxf4 Nxf4+ 33. Kg3 Nd5 34. Ra7 Rd8 35. Be4 b4 36. a4 b3 37. Nxb3 Nb4 38. Kf3 d3 39. Ke3 Bd7 40. Nc5 Bc6 41. Bxd3 Nxd3 42. Nxd3 Bxa4 43. f4 Bb5 44. Nc5 Bc4 45. b4 Rd1 46. Nd7 Rd3+ 47. Ke4 Rxh3 48. Nf6+ Kh8 49. Kd4 Bd3 50. g5 Bb5 51. Kc5 Rc3+ 52. Kd6 Rc6+ 53. Ke7 1-0

[Event "HUN-chT2 Szechenyi 1415"]
[Site "Hungary"]
[Date "2015.04.26"]
[Round "11.3"]
[White "Rovid, Kalman"]
[Black "Kiss, Csaba"]
[Result "1-0"]
[WhiteElo "2204"]
[BlackElo "1797"]
[PlyCount "69"]
[EventDate "2014.09.07"]
[EventType "team-tourn"]
[EventRounds "11"]
[EventCountry "HUN"]
[SourceTitle "EXT 2016"]
[Source "ChessBase"]
[SourceDate "2015.10.08"]
[SourceVersion "1"]
[SourceVersionDate "2015.10.08"]
[SourceQuality "1"]
[WhiteTeam "HVSE Infraplan"]
[BlackTeam "Papa"]
[WhiteTeamCountry "HUN"]
[BlackTeamCountry "HUN"]

1. e4 e6 2. d4 d5 3. e5 c5 4. c3 Nc6 5. Nf3 Qb6 6. a3 a5 7. Bd3 Bd7 8. 0-0 h6 9. dxc5 Bxc5 10. Nbd2 Qc7 11. Qe2 Nge7 12. Nb3 Ba7 13. Nbd4 Nxd4 14. Nxd4 0-0 15. f4 Ng6 16. Be3 Ba4 17. Nxe6 fxe6 18. Bxg6 Bb3 19. Rf2 a4 20. Re1 Bc4 21. Qd2 b5 22. h3 Rad8 23. Bd4 Qe7 24. Kh2 Rd7 25. g4 Rc7 26. Re3 Bb3 27. Ref3 Rc4 28. Bb1 Bxd4 29. cxd4 Qa7 30. Qd3 Kf7 31. Qg6+ Ke7 32. f5 Qxd4 33. Qxe6+ Kd8 34. Qd6+ Ke8 35. f6 1-0

[Event "HUN-chT 1415"]
[Site "Hungary"]
[Date "2015.02.08"]
[Round "6.3"]
[White "Palla, Akos Botond"]
[Black "Rovid, Kalman"]
[Result "0-1"]
[WhiteElo "2068"]
[BlackElo "2204"]
[PlyCount "74"]
[EventDate "2014.10.12"]
[EventType "team-tourn"]
[EventRounds "9"]
[EventCountry "HUN"]
[SourceTitle "EXT 2016"]
[Source "ChessBase"]
[SourceDate "2015.10.08"]
[SourceVersion "1"]
[SourceVersionDate "2015.10.08"]
[SourceQuality "1"]
[WhiteTeam "Budapest Titanok"]
[BlackTeam "HVSE Infraplan"]
[WhiteTeamCountry "HUN"]
[BlackTeamCountry "HUN"]

1. e4 c5 2. Nf3 Nc6 3. d4 cxd4 4. Nxd4 Nf6 5. Nc3 e5 6. Ndb5 d6 7. Bg5 a6 8. Na3 Be6 9. Nc4 Rc8 10. Ne3 Be7 11. Bxf6 Bxf6 12. Ncd5 Bg5 13. c3 0-0 14. Bd3 Bxe3 15. Nxe3 Ne7 16. 0-0 d5 17. exd5 Nxd5 18. Re1 Nf4 19. Be4 Qb6 20. Qc2 g6 21. g3 Nh3+ 22. Kg2 Rfd8 23. Rad1 Ng5 24. Nd5 Bh3+ 25. Kg1 Qe6 26. Bh1 Bg4 27. Rd2 Bf3 28. Nf4 Qc6 29. Rxe5 f6 30. Rxg5 fxg5 31. Bxf3 Qxf3 32. Ne6 Re8 33. Qb3 Kh8 34. Rd1 Rxe6 35. Qxe6 Qxd1+ 36. Kg2 Rf8 37. Qe5+ Kg8 0-1

[Event "HUN-chT2 Charousek 1314"]
[Site "Hungary"]
[Date "2014.03.02"]
[Round "8"]
[White "Rovid, Kalman"]
[Black "Buzeti, Jernej"]
[Result "0-1"]
[WhiteElo "2222"]
[BlackElo "2241"]
[PlyCount "80"]
[EventDate "2013.09.08"]
[EventType "team-tourn"]
[EventRounds "11"]
[EventCountry "HUN"]
[SourceTitle "EXT 2016"]
[Source "ChessBase"]
[SourceDate "2015.10.08"]
[SourceVersion "1"]
[SourceVersionDate "2015.10.08"]
[SourceQuality "1"]
[WhiteTeam "Szombathely Haladas II"]
[BlackTeam "Alsoszolnok"]
[WhiteTeamCountry "HUN"]
[BlackTeamCountry "HUN"]

1. e4 c5 2. c3 Nf6 3. d3 Nc6 4. f4 g6 5. Nf3 Bg7 6. g3 0-0 7. Bg2 Rb8 8. 0-0 d6 9. h3 b5 10. Qe2 Qc7 11. Be3 b4 12. c4 Nd7 13. Qc2 Nb6 14. Nbd2 a5 15. Rab1 f5 16. b3 Bd7 17. Rf2 Rbe8 18. Rd1 Nd4 19. Bxd4 cxd4 20. Nf1 Qc5 21. Re1 e5 22. exf5 gxf5 23. N3d2 Kh8 24. Qd1 Bc6 25. Qh5 Bxg2 26. Rxg2 Re6 27. Kh2 Rh6 28. Qf3 Qc8 29. h4 Nd7 30. Kg1 Nc5 31. h5 Qa8 32. Qe2 e4 33. dxe4 fxe4 34. Nxe4 Re6 35. Nfd2 Nxe4 36. Nxe4 Rfe8 37. h6 Rxe4 38. hxg7+ Kg8 39. Qg4 Rxe1+ 40. Kh2 Qe4 0-1

[Event "HUN-chT2 Charousek 1314"]
[Site "Hungary"]
[Date "2013.11.17"]
[Round "5"]
[White "Gyorkos, Lajos"]
[Black "Rovid, Kalman"]
[Result "1-0"]
[WhiteElo "2362"]
[BlackElo "2222"]
[PlyCount "101"]
[EventDate "2013.09.08"]
[EventType "team-tourn"]
[EventRounds "11"]
[EventCountry "HUN"]
[SourceTitle "EXT 2016"]
[Source "ChessBase"]
[SourceDate "2015.10.08"]
[SourceVersion "1"]
[SourceVersionDate "2015.10.08"]
[SourceQuality "1"]
[WhiteTeam "Paks ASE II"]
[BlackTeam "Szombathely Haladas II"]
[WhiteTeamCountry "HUN"]
[BlackTeamCountry "HUN"]

1. Nf3 c5 2. g3 d5 3. Bg2 Nf6 4. 0-0 Nc6 5. d4 e6 6. c4 dxc4 7. dxc5 Bxc5 8. Qa4 0-0 9. Qxc4 Qd5 10. Qh4 Bd7 11. Nc3 Qh5 12. Qxh5 Nxh5 13. Ne4 Be7 14. Be3 b6 15. Rfd1 Rfd8 16. Nd6 Rab8 17. Rac1 h6 18. Nb5 Be8 19. Rxd8 Rxd8 20. Ne1 Nb4 21. Nxa7 Nxa2 22. Rc8 b5 23. Nd3 Kf8 24. Rc7 Nf6 25. Nc6 Bxc6 26. Bxc6 Nb4 27. Nxb4 Bxb4 28. Bxb5 Nd5 29. Bc5+ Kg8 30. Rc6 Rb8 31. Bd3 g6 32. e4 Ne7 33. Rb6 Rxb6 34. Bxb6 Kf8 35. Kf1 Nc8 36. Be3 h5 37. Ke2 Ke7 38. Ba6 Nd6 39. e5 Nf5 40. Bb6 f6 41. exf6+ Kxf6 42. Kd3 e5 43. Ke4 Be1 44. Bc7 Bxf2 45. Bxe5+ Ke7 46. Bd3 Bg1 47. h3 Bf2 48. g4 hxg4 49. hxg4 Nh6 50. Kf3 g5 51. Bg7 1-0

[Event "HUN-chT2 Charousek 1314"]
[Site "Hungary"]
[Date "2013.11.03"]
[Round "4"]
[White "Kormos, Adam"]
[Black "Rovid, Kalman"]
[Result "1/2-1/2"]
[WhiteElo "2186"]
[BlackElo "2222"]
[PlyCount "56"]
[EventDate "2013.09.08"]
[EventType "team-tourn"]
[EventRounds "11"]
[EventCountry "HUN"]
[SourceTitle "EXT 2016"]
[Source "ChessBase"]
[SourceDate "2015.10.08"]
[SourceVersion "1"]
[SourceVersionDate "2015.10.08"]
[SourceQuality "1"]
[WhiteTeam "Budapest EAC"]
[BlackTeam "Szombathely Haladas II"]
[WhiteTeamCountry "HUN"]
[BlackTeamCountry "HUN"]

1. e4 c5 2. Nf3 Nc6 3. d4 cxd4 4. Nxd4 Nf6 5. Nc3 e5 6. Nf5 d5 7. exd5 Bxf5 8. dxc6 bxc6 9. Qf3 Qd7 10. Bg5 e4 11. Qd1 Qe6 12. Qd4 Rd8 13. Qa4 Be7 14. Bc4 Qe5 15. Qxc6+ Bd7 16. Bxf6 Bxf6 17. Qxe4 Qxe4+ 18. Nxe4 Bxb2 19. Rb1 Be5 20. 0-0 0-0 21. Rfd1 Bc6 22. Rxd8 Rxd8 23. Bd3 h6 24. Nd2 Kf8 25. Nc4 Bd4 26. h3 Bd5 27. Rb4 Bc5 28. Rb5 Bxc4 1/2-1/2

[Event "HUN-chT2 Charousek 1314"]
[Site "Hungary"]
[Date "2013.09.08"]
[Round "1"]
[White "Nagy, Zoltan"]
[Black "Rovid, Kalman"]
[Result "1/2-1/2"]
[WhiteElo "2175"]
[BlackElo "2222"]
[PlyCount "33"]
[EventDate "2013.09.08"]
[EventType "team-tourn"]
[EventRounds "11"]
[EventCountry "HUN"]
[SourceTitle "EXT 2016"]
[Source "ChessBase"]
[SourceDate "2015.10.08"]
[SourceVersion "1"]
[SourceVersionDate "2015.10.08"]
[SourceQuality "1"]
[WhiteTeam "Tapolca"]
[BlackTeam "Szombathely Haladas II"]
[WhiteTeamCountry "HUN"]
[BlackTeamCountry "HUN"]

1. e4 c5 2. Nf3 Nc6 3. d4 cxd4 4. Nxd4 Nf6 5. Nc3 e5 6. Ndb5 d6 7. Bg5 a6 8. Na3 Be6 9. Nc4 Rc8 10. Bxf6 Qxf6 11. Nb6 Rb8 12. Ncd5 Qd8 13. c3 Be7 14. Bd3 0-0 15. a4 Bg5 16. 0-0 Ne7 17. Nxe7+ 1/2-1/2

[Event "HUN-chT2 Charousek 1213"]
[Site "Hungary"]
[Date "2013.02.17"]
[Round "7"]
[White "Krutti, Valer"]
[Black "Rovid, Kalman"]
[Result "1-0"]
[WhiteElo "2352"]
[BlackElo "2242"]
[PlyCount "89"]
[EventDate "2012.09.16"]
[EventType "team-tourn"]
[EventRounds "11"]
[EventCountry "HUN"]
[SourceTitle "EXT 2014"]
[Source "ChessBase"]
[SourceDate "2013.11.20"]
[SourceVersion "1"]
[SourceVersionDate "2013.11.20"]
[SourceQuality "1"]
[WhiteTeam "Aquaprofit II"]
[BlackTeam "Haladas II"]
[WhiteTeamCountry "HUN"]
[BlackTeamCountry "HUN"]

1. c4 Nf6 2. Nf3 c5 3. Nc3 Nc6 4. d4 cxd4 5. Nxd4 Nxd4 6. Qxd4 g6 7. e4 d6 8. Be2 Bg7 9. Be3 0-0 10. Qd2 Be6 11. Rc1 Qa5 12. f3 Rfc8 13. b3 a6 14. Na4 Qxd2+ 15. Kxd2 Nd7 16. g4 Rab8 17. h3 Rc6 18. Nc3 Nc5 19. Rc2 Rbc8 20. Rhc1 Nd7 21. f4 Bxc3+ 22. Rxc3 f6 23. Bf3 R6c7 24. h4 Nc5 25. Bd4 Bd7 26. Ke3 e5 27. Bxc5 dxc5 28. Rd3 Bc6 29. Rd6 Kf7 30. Rcd1 Ke7 31. g5 exf4+ 32. Kxf4 fxg5+ 33. hxg5 Rf8+ 34. Ke3 Rd7 35. Rxd7+ Bxd7 36. Rh1 Rf7 37. Rh4 b5 38. e5 Be6 39. Bd5 b4 40. Rh2 a5 41. Rh1 Rg7 42. Rf1 Rf7 43. Rf6 Rxf6 44. exf6+ Kf7 45. Ke4 1-0

[Event "HUN-chT2 Charousek 1112"]
[Site "Hungary"]
[Date "2012.03.11"]
[Round "7"]
[White "Rovid, Kalman"]
[Black "Szamoskozi, Gabor"]
[Result "1/2-1/2"]
[WhiteElo "2254"]
[BlackElo "2378"]
[PlyCount "45"]
[EventDate "2011.09.25"]
[EventType "team-tourn"]
[EventRounds "11"]
[EventCountry "HUN"]
[SourceTitle "EXT 2013"]
[Source "ChessBase"]
[SourceDate "2012.11.22"]
[SourceVersion "1"]
[SourceVersionDate "2012.11.22"]
[SourceQuality "1"]
[WhiteTeam "Haladas II"]
[BlackTeam "BEAC"]
[WhiteTeamCountry "HUN"]
[BlackTeamCountry "HUN"]

1. e4 c5 2. c3 d5 3. exd5 Qxd5 4. d4 Nf6 5. Nf3 e6 6. Nbd2 cxd4 7. Bc4 Qh5 8. cxd4 Nc6 9. 0-0 Be7 10. Re1 0-0 11. Nf1 Rd8 12. Ng3 Qa5 13. Be3 b5 14. Bd3 Bb7 15. a3 b4 16. Qb3 Rd7 17. a4 Rad8 18. Bb5 a6 19. Bf1 Bd6 20. Rac1 h6 21. Ne5 Bxe5 22. dxe5 Nd5 23. Bc5 1/2-1/2

[Event "HUN-chT2 Charousek 1112"]
[Site "Hungary"]
[Date "2012.02.19"]
[Round "6"]
[White "Emodi, Gyula"]
[Black "Rovid, Kalman"]
[Result "1-0"]
[WhiteElo "2254"]
[BlackElo "2254"]
[PlyCount "147"]
[EventDate "2011.09.25"]
[EventType "team-tourn"]
[EventRounds "11"]
[EventCountry "HUN"]
[SourceTitle "EXT 2013"]
[Source "ChessBase"]
[SourceDate "2012.11.22"]
[SourceVersion "1"]
[SourceVersionDate "2012.11.22"]
[SourceQuality "1"]
[WhiteTeam "Penzugyor II"]
[BlackTeam "Haladas II"]
[WhiteTeamCountry "HUN"]
[BlackTeamCountry "HUN"]

1. e4 c5 2. Nf3 Nc6 3. Bb5 g6 4. 0-0 Nf6 5. Nc3 Bg7 6. h3 0-0 7. d3 d6 8. Be3 e5 9. Bxc6 bxc6 10. Qd2 Rb8 11. Rab1 Nh5 12. g4 f5 13. Bg5 Nf6 14. exf5 gxf5 15. Nh2 Qe8 16. f3 Qg6 17. Kh1 Rb7 18. Rg1 f4 19. Bh4 Be6 20. b3 Kh8 21. Rg2 Nd5 22. Nxd5 cxd5 23. Re2 Bd7 24. Rd1 Bc6 25. c4 Qh6 26. Qe1 Re8 27. cxd5 Bxd5 28. Kg2 a5 29. Bf2 Ra8 30. Rb1 Qg6 31. Qd1 Rab8 32. Rc1 Qf7 33. Nf1 a4 34. bxa4 Bxa2 35. Nd2 Bd5 36. Ne4 Qc7 37. Be1 Bb3 38. Qd2 Bxa4 39. Bf2 Bc6 40. Qa2 Rb3 41. Rc3 Bd5 42. Qa5 Rb1 43. Qa6 R1b6 44. Qa1 Rb1 45. Qa6 Bf8 46. d4 c4 47. Nf6 Qb7 48. Qa4 Rb4 49. Qc2 Rb3 50. Nxd5 Qxd5 51. Re4 Rxc3 52. Qxc3 Rb3 53. Qa1 Bg7 54. Qa6 c3 55. Qc8+ Qg8 56. Qc7 Qb8 57. Qc6 h6 58. h4 Kh7 59. h5 Rb1 60. dxe5 Qb5 61. Qxb5 Rxb5 62. exd6 Rd5 63. Rxf4 Rxd6 64. Rc4 Rd2 65. Rc7 c2 66. Kg3 Kg8 67. Be3 Be5+ 68. f4 Bxc7 69. Bxd2 Bd6 70. Bc1 Kf7 71. Kf3 Ke6 72. Ke4 Bc7 73. f5+ Kf6 74. Bxh6 1-0

[Event "HUN-chT2 Charousek 1011"]
[Site "Hungary"]
[Date "2011.05.15"]
[Round "11"]
[White "Dudas, Eszter"]
[Black "Rovid, Kalman"]
[Result "1-0"]
[WhiteElo "2215"]
[BlackElo "2266"]
[PlyCount "55"]
[EventDate "2010.09.12"]
[EventType "team-tourn"]
[EventRounds "11"]
[EventCountry "HUN"]
[SourceTitle "EXT 2012"]
[Source "ChessBase"]
[SourceDate "2011.11.24"]
[SourceVersion "1"]
[SourceVersionDate "2011.11.24"]
[SourceQuality "1"]
[WhiteTeam "Paks II"]
[BlackTeam "Haladas II"]
[WhiteTeamCountry "HUN"]
[BlackTeamCountry "HUN"]

1. e4 c5 2. Nf3 Nc6 3. Nc3 e5 4. Bc4 g6 5. d3 h6 6. 0-0 Bg7 7. Be3 d6 8. Nd5 Nf6 9. c3 0-0 10. h3 Be6 11. Qd2 Kh7 12. Nxf6+ Qxf6 13. Ng5+ Kg8 14. Nxe6 fxe6 15. Bxh6 Kh7 16. Bg5 Qf7 17. f4 Qd7 18. Qf2 Na5 19. Qh4+ Kg8 20. f5 gxf5 21. exf5 Nxc4 22. f6 Nxb2 23. fxg7 Qxg7 24. Bh6 Qg6 25. Bxf8 Rxf8 26. Rxf8+ Kxf8 27. Qd8+ Kg7 28. Rf1 1-0

[Event "HUN-chT2 Charousek 1011"]
[Site "Hungary"]
[Date "2010.10.10"]
[Round "3"]
[White "Rovid, Kalman"]
[Black "Orso, Miklos"]
[Result "1/2-1/2"]
[WhiteElo "2266"]
[BlackElo "2340"]
[PlyCount "64"]
[EventDate "2010.09.12"]
[EventType "team-tourn"]
[EventRounds "11"]
[EventCountry "HUN"]
[SourceTitle "EXT 2012"]
[Source "ChessBase"]
[SourceDate "2011.11.24"]
[SourceVersion "1"]
[SourceVersionDate "2011.11.24"]
[SourceQuality "1"]
[WhiteTeam "Haladas II"]
[BlackTeam "Aquaprofit II"]
[WhiteTeamCountry "HUN"]
[BlackTeamCountry "HUN"]

1. e4 c5 2. c3 Nf6 3. e5 Nd5 4. d4 cxd4 5. cxd4 Nc6 6. Nf3 d6 7. Bc4 Nb6 8. Bb5 Bd7 9. exd6 e6 10. Bg5 Qb8 11. Nc3 a6 12. Be2 Qxd6 13. 0-0 Be7 14. Qd2 0-0 15. Bf4 Qb4 16. a3 Qa5 17. Bc7 Bd8 18. Bd6 Re8 19. Ne5 Nxe5 20. dxe5 Na4 21. Bb4 Qc7 22. Rac1 Nxc3 23. Rxc3 Bc6 24. Rg3 Kh8 25. Bd3 f5 26. Bd6 Qf7 27. Bc4 g5 28. f4 Bb6+ 29. Kh1 gxf4 30. Qxf4 Rg8 31. Qh6 Rxg3 32. hxg3 Re8 1/2-1/2

[Event "HUN-chT2 Charousek 1011"]
[Site "Hungary"]
[Date "2010.09.12"]
[Round "1"]
[White "Rovid, Kalman"]
[Black "Szabo, Richard"]
[Result "1/2-1/2"]
[WhiteElo "2266"]
[BlackElo "2180"]
[PlyCount "95"]
[EventDate "2010.09.12"]
[EventType "team-tourn"]
[EventRounds "11"]
[EventCountry "HUN"]
[SourceTitle "EXT 2012"]
[Source "ChessBase"]
[SourceDate "2011.11.24"]
[SourceVersion "1"]
[SourceVersionDate "2011.11.24"]
[SourceQuality "1"]
[WhiteTeam "Haladas II"]
[BlackTeam "Decs II"]
[WhiteTeamCountry "HUN"]
[BlackTeamCountry "HUN"]

1. e4 d5 2. exd5 Qxd5 3. Nc3 Qd6 4. d4 Nf6 5. Nge2 c6 6. Qd3 Be6 7. Bf4 Qd7 8. 0-0-0 g6 9. Be5 Bg7 10. Nf4 0-0 11. f3 Na6 12. a3 Rac8 13. Qe3 Nc7 14. Bxf6 exf6 15. Nxe6 Nxe6 16. Bc4 f5 17. Ne2 Rfe8 18. Qf2 Nc7 19. Kb1 Nd5 20. Bxd5 Qxd5 21. Nf4 Qd6 22. g3 Rcd8 23. c3 Bh6 24. Ng2 Qd5 25. Rhe1 Re6 26. Rxe6 fxe6 27. Ne3 Bxe3 28. Qxe3 c5 29. Kc2 Kf7 30. Rd2 c4 31. Qh6 Kg8 32. Qf4 Qd6 33. Qe3 Qc6 34. Re2 Kf7 35. Qf4 Qd6 36. Re5 b6 37. h4 Qe7 38. Qh6 Kg8 39. h5 Qf7 40. Qe3 Rd6 41. h6 Qd7 42. Kc1 Kf7 43. g4 Rd5 44. Qf4 Qd6 45. g5 Ke7 46. Qe3 Rxe5 47. dxe5 Qd5 48. Kc2 1/2-1/2

[Event "HUN-chT2 Charousek 0910"]
[Site "Hungary"]
[Date "2010.04.11"]
[Round "9"]
[White "Dudas, Eszter"]
[Black "Rovid, Kalman"]
[Result "1-0"]
[WhiteElo "2160"]
[BlackElo "2273"]
[PlyCount "59"]
[EventDate "2009.11.08"]
[EventType "team-tourn"]
[EventRounds "11"]
[EventCountry "HUN"]
[SourceTitle "EXT 2011"]
[Source "ChessBase"]
[SourceDate "2010.11.26"]
[SourceVersion "1"]
[SourceVersionDate "2010.11.26"]
[SourceQuality "1"]
[WhiteTeam "Paks II"]
[BlackTeam "Haladas II"]
[WhiteTeamCountry "HUN"]
[BlackTeamCountry "HUN"]

1. e4 c5 2. Nf3 Nc6 3. Nc3 e5 4. Bc4 g6 5. d3 h6 6. 0-0 Bg7 7. Ne1 Nge7 8. f4 exf4 9. Bxf4 d6 10. Nb5 0-0 11. Nxd6 Bxb2 12. Rb1 Be5 13. Nxf7 Qd4+ 14. Kh1 Bxf4 15. Rxf4 Kg7 16. Qd2 g5 17. Nf3 Qd7 18. Qc3+ Nd4 19. N3e5 Qc7 20. Rff1 Bd7 21. Nf3 Nec6 22. Bd5 Be8 23. Bxc6 Rxf7 24. Bd5 Rxf3 25. Rxf3 Rb8 26. Rbf1 b6 27. Bb3 Bh5 28. R3f2 Rd8 29. Bd5 Rd7 30. Rf8 1-0

[Event "HUN-chT2 Charousek 0910"]
[Site "Hungary"]
[Date "2010.02.28"]
[Round "7"]
[White "Jakab, Attila"]
[Black "Rovid, Kalman"]
[Result "1-0"]
[WhiteElo "2414"]
[BlackElo "2273"]
[PlyCount "51"]
[EventDate "2009.11.08"]
[EventType "team-tourn"]
[EventRounds "11"]
[EventCountry "HUN"]
[SourceTitle "EXT 2011"]
[Source "ChessBase"]
[SourceDate "2010.11.26"]
[SourceVersion "1"]
[SourceVersionDate "2010.11.26"]
[SourceQuality "1"]
[WhiteTeam "Taban Spartacus"]
[BlackTeam "Haladas II"]
[WhiteTeamCountry "HUN"]
[BlackTeamCountry "HUN"]

1. d4 Nf6 2. c4 c5 3. d5 b5 4. cxb5 a6 5. f3 axb5 6. e4 Qa5+ 7. Bd2 b4 8. Na3 e6 9. Nc4 Qd8 10. Bf4 exd5 11. Nd6+ Bxd6 12. Bxd6 dxe4 13. Rc1 Bb7 14. Rxc5 Ra5 15. Bb5 Nc6 16. Ne2 Qb6 17. Nd4 Ne7 18. Bxe7 Kxe7 19. Nf5+ Kf8 20. Qd4 Ne8 21. Qxd7 Qe6 22. Qxb7 g6 23. Bc4 Qf6 24. Rxa5 gxf5 25. Qxb4+ Kg7 26. Qc3 1-0